000
00286nam a2200085Ia 4500
245
0
_a
The diabetes guide : control your diabetes with the complete diet and lifestyle plan
100
_a
CLAYDON, Anne London, 2009
_9
81538
942
_c
BK
008
210817s9999 xx 000 0 und d
999
_c
290836
_d
290835